Najlepsi Polacy w danym sporcie (STAN NA 2026) - Statystyki

Ogólne statystyki
  • Ten quiz został rozwiązany 57 razy
  • Średni wynik to 9 z 16
Statystyki odpowiedzi
Hint Odpowiedź % Poprawnych
Tenis Damski Iga Świątek
100%
Piłka NożnaMęska Robert Lewandowski
100%
Piłka NożnaDamska Ewa Pajor
96%
Żużel Bartosz Zmarzlik
83%
SiatkówkaMęska Wilfredo Leon
83%
Skoki NarciarskieMęskie Kacper Tomasiak
80%
Dart Krzysztof Ratajski
61%
Koszykówka Mateusz Ponitka
50%
Motorsport Robert Kubica
44%
Skoki NarciarskieDamskie Anna Twardosz
41%
Tenis Męski Kamil Majchrzak
35%
SiatkówkaDamska Agnieszka Korneluk
31%
LekkoatletykaDamska Natalia Kaczmarek
28%
KolarstwoDamskie Katarzyna Niewiadoma
24%
LekkoatletykaMęska Maksymilian Szwed
2%
KolarstwoMęskie Stanisław Aniołkowski
0%
Nie znaleziono quizów pasujących do podanych kryteriów
Rozkład punktacji
Procent ludzi z każdym wynikiem
Percentyl według liczby udzielonych odpowiedzi
Twoja historia wyników
Nie rozwiązałeś tego quizu